Normal view MARC view

Entry Personal Name

Number of records used in: 1

001 - CONTROL NUMBER

  • control field: 1447

003 - CONTROL NUMBER IDENTIFIER

  • control field: OSt

005 - DATE AND TIME OF LATEST TRANSACTION

  • control field: 20241225095101.0

008 - FIXED-LENGTH DATA ELEMENTS

  • fixed length control field: 241225|| aca||aabn | a|a d

040 ## - CATALOGING SOURCE

  • Original cataloging agency: KWIU

100 ## - HEADING--PERSONAL NAME

  • Personal name: Vanderah,Todd W.

Powered by Koha